| 000 | 00747nam a2200193 u 4500 | ||
|---|---|---|---|
| 005 | 20230421063521.0 | ||
| 008 | 170331s2009 r 000 0 eng d | ||
| 035 | _aUPN01000217201 | ||
| 049 | _aCG | ||
| 050 | 4 |
_aLB2301 _bC6.72 2009 |
|
| 111 | 2 |
_aCongreso Internacional de Educación Media Superior y Superior _n(2o. : _d2009 : _cMéxico) |
|
| 245 | 1 | 0 |
_a2° Congreso Internacional de Educación Media Superior y Superior : _blos jóvenes en la era del conocimiento : programa. |
| 260 |
_aMéxico : _bGobierno del Distrito Federal, Secretaría de Educación, _c2009. |
||
| 300 |
_a53 p. : _bcuadros |
||
| 650 | 7 |
_aEducación media superior _2 _92253 |
|
| 650 | 7 |
_aEducación superior _vCongresos _2 _97384 |
|
| 905 | _aLibro | ||
| 999 |
_c189301 _d189301 |
||